000 00933nam a22002535a 4500
999 _c26829
_d26801
005 20180802120900.0
008 180802s2003 ua a fr 100 0 eng d
040 _aEG-ScBUE
_beng
_cEG-ScBUE
043 _ama-----
_af------
082 0 4 _a337.56
_bCOM
_222
245 0 0 _aCompetitiveness in the middle eastern and north african countries /
_cedited by Sübidey Togan and Hanaa Kheir-El-Din.
250 _a1st ed.
260 _aDokki, Cairo :
_bEconomic Research Forum for the Arap Countries,
_c2003.
300 _a446 p. :
_bill. ;
_c24 cm.
490 0 _aResearch Report ERF99-TU-2003.
650 _2BUEsh
651 7 _aMiddle East
_xCommercial
_vCongresses.
_2BUEsh
651 7 _aAfrica, North --
_xCommercial policy.
_2BUEsh
651 7 _aMiddle East
_xEconomic integration
_vCongresses.
_2BUEsh
653 _bBUSECO
_cAugust2018
700 1 _aTogan, Sübidey,
_eeditor.
700 1 _aKheir El-Din, Hanaa,
_eeditor.
942 _2ddc